01389nam a2200421 i 450000100060000000300090000600500170001500800410003202000150007304000360008804600090012408000130013308000140014608000110016008000120017110000720018324500900025526000360034530000320038133600270041333700540044033800280049438000160052238000270053838500390056538800100060450400140061465000240062865000210065265000290067365000300070265000260073265500300075865800280078865800250081670000280084185600980086946005KOSZ 00520190906090223.0050418s2004 pl f f |000 0 pol d a8372445583 cKOSZ 005aKOSZ 005dKOSZ 005/HR k2004 a628.1/.3 a66.01/.09 a62-278 a(075.8)1 aBiernacka, Elżbietac(inżynieria środowiska)d(1939- )eAutor10aTechniki membranowe w ochronie środowiska /cElżbieta Biernacka, Teresa Suchecka. aWarszawa :bWydaw. SGGW,c2004. a85, [1] s. :bil. ;c24 cm. 2rdacontentaTekstbtxt 2rdamediaaBez urządzenia pośredniczącegobn 2rdacarrieraWoluminbnc aKsiążki aPublikacje dydaktyczne mPoziom nauczaniaaSzkoły wyższe a2001- aBibliogr. 7aTechniki membranowe 7aUzdatnianie wody 7aOczyszczanie ścieków 7aInżynieria środowiska 7aTechnologia chemiczna 7aPodręczniki akademickie aInżynieria i technika aOchrona środowiska1 aSuchecka, TeresaeAutor uhttp://koha.tu.koszalin.pl/cgi-bin/koha/opac-detail.pl?biblionumber=46005yKatalog online BPK